Géographie de l'Asie par lettre - O - Statistiques

Statistiques générales
  • Ce quiz a été pris 146 fois
  • Le résultat moyen est 11 sur 20
Statistiques - réponses
Indice Réponse % Correct
Golfe reliant la mer d'Arabie au golfe Persique Le golfe d'{Oman}
96%
Capitale de la Mongolie Oulan-Bator
94%
Grand singe endémique de Bornéo et Sumatra L'Orang-Outan
89%
Empire anatolien dissout après la seconde guerre mondiale L'empire {Ottoman}
88%
Deuxième métropole la plus peuplée du Japon Osaka
86%
Cettre drogue a mené à un conflit en Chine avec des puissances étrangères coloniales. Elle est massivement produite en Afghanistan et en Birmanie L'Opium
85%
Pays de Samarcande, Boukhara et Ferghana L'Ouzbékistan
76%
Ethnie principale du Xinjiang réprimée par le gouvernement chinois qui parle de "processus de rééducation" Les Ouïghours
75%
Nom du Bangladesh avant son indépendance du Pakistan en 1971 Le Pakistan {Oriental}
71%
Préfecture du Japon la plus au sud et d'où provient le Karaté Okinawa
61%
Langue officielle du Pakistan Ourdou
50%
Dynastie arabe originaire de Syrie et qui gouverna le monde musulman pendant environ cent ans depuis Damas La dynastie {Omeyyade}
49%
Région séparatiste d'un pays du Caucase L'Ossétie du Sud
47%
Grand fleuve de Sibérie passant notamment par Novossibirsk L'Ob
42%
Passage entre ce dernier et le golfe Persique Le détroit d'{Ormuz}
40%
Espèce d'antilope et animal emblème du Qatar L'Oryx
33%
Film de Park Chan-wook multirécompensé et parmi les films asiatiques les plus populaires Old Boy
16%
Mer de Sibérie orientale également bordée par le Japon La mer d'Okhotsk
13%
Deuxième ville la plus peuplée du Kirghizistan, en trois lettres Och
12%
État de l'est de l'Inde et dont Bhubaneswar est la capitale L'Odisha
6%
Aucun quiz correspondant
Distribution des résultats
% des personnes avec chaque résultat
Percentile par nombre de réponses
Votre historique - résultats
Vous n’avez pas pris ce quiz